00287nam a2200121Ia 4500008004100000041000800041082001400049100001200063245002100075260003200096500001700128650002000145220803s9999 xx 000 0 und d aeng a00729 EME aEmery R aType And Colour. aLondonbB T Batsford c1994 aArchitecture aInterior Design